=LDR 00000nam 2200000 4500 =001 INLIS000000000029791 =005 20210215092638 =035 ##$$a 0010-061300000029791 =008 210215###########################0###### =041 ##$$a Ind =082 ##$$a 336.271 4 =090 ##$$a 336.271 4, Suk p =100 ##$$a Sukarji, Untung =245 1#$$a Pemungut pajak pertumbuhan nilai, oleh Untung Sukarji =260 ##$$a 2008 :$b Jakarta =300 ##$$a xix, 230 hlm, 23 cm =650 #4$$a Pajak pertambahan nilai =850 ##$$a NBPNMAT